000 00217nam a2200097Ia 4500
008 240331s9999 xx 000 0 und d
082 _bTAM
100 _aHindu Religious. ed
245 0 _aTamil Sahithiya vila
942 _cL
999 _c3665
_d3665